• 首页
  • 本馆介绍
  • 公告通知
  • 最新文献
  • 馆藏检索
  • 电子资源
  • 读者导购
  • 参考咨询
  • 我的图书馆
  • 登录
  • 详细信息显示
  • 放入我的书架
  • 预约/预借图书
  • 作者相关作品
  • 分类相关作品
  • 丛书相关作品
  • 出版社相关作品

书目信息

  • 表格格式
  • 工作单格式
  • 卡片格式
题名:
世纪之交的西方史学
    
 
作者: 姜巩 著
分册:  
出版信息: 北京   社会科学文献出版社  2012.09
页数: 12,394页
开本: 24cm
丛书名: 中国社会科学院文库
单 册:
中图分类: K091
科图分类:
主题词: 史学史--西方国家 , 史学史
电子资源:
ISBN: 978-7-5097-3567-1
000 01094oam2 2200289 450
001 010010105413
005 20130427085729.57
010    @a978-7-5097-3567-1@dCNY79.00
100    @a20121024d2012 em y0chiy50 ea
101 0  @achi
102    @aCN@b110000
105    @ak z 000yy
106    @ar
200 1  @a世纪之交的西方史学@9shi ji zhi jiao de xi fang shi xue@dWestern historiography at the turn of the 20th and 21st centuries@f姜巩等著@zeng
210    @a北京@c社会科学文献出版社@d2012.09
215    @a12,394页@d24cm
225 2  @a中国社会科学院文库@i历史考古研究系列
300    @a中国社会科学院创新工程学术出版资助项目
330    @a本书主要内容包括:后现代历史哲学与海登·怀特的元史学研究;社会史学的身份认同及其型式;历史人类学的理论与方法等。
462  0 @12001 @a中国社会科学院文库@i历史考古研究系列
510 1  @aWestern historiography at the turn of the 20th and 21st centuries@zeng
606 0  @a史学史@x西方国家
606 0  @a史学史
690    @aK091@v5
701  0 @a姜巩@9jiang gong@f(1950-)@4著
801  0 @aCN@bRENTIAN@c20121024
905    @b542384-88@dK091@e61@f5
    
    世纪之交的西方史学=Western historiography at the turn of the 20th and 21st centuries/姜巩等著.-北京:社会科学文献出版社,2012.09
    12,394页;24cm.-(中国社会科学院文库.历史考古研究系列)
    中国社会科学院创新工程学术出版资助项目
    
    ISBN 978-7-5097-3567-1:CNY79.00
    本书主要内容包括:后现代历史哲学与海登·怀特的元史学研究;社会史学的身份认同及其型式;历史人类学的理论与方法等。
●
相关链接 在E读中查询图书 在五车中查询图书 在当当中查询图书 在豆瓣中查询图书


正题名:世纪之交的西方史学     索取号:K091/61         预约/预借

序号 登录号 条形码 馆藏地/架位号 状态 备注
1 542384   205423843   第二样本阅览室/ [索取号:K091/61] 在馆    
2 542385   205423852   第二借阅区/ [索取号:K091/61] 在馆    
3 542386   205423861   第二借阅区/ [索取号:K091/61] 在馆    
4 542387   205423870   第二借阅区/ [索取号:K091/61] 在馆    
5 542388   205423889   密集书库-史法系/ [索取号:K091/61] 在馆    
唐山师范学院图书馆 欢迎您!
大连网信软件有限公司© 版权所有